000 00677nam a2200205 i 4500
001 149640
003 ES-MaACL
005 20260303171134.0
007 t|
008 071023s1967 sp ||||1| spa d
100 1 _aVasiliev, Mihail Vasilievich.
_9113273
245 1 3 _aEl mundo y el hombre en el siglo XXI /
_cM. V. Vasiliev y S. Z. Gouschev ; [traducido del ruso por A. Fierro].
260 _aMadrid :
_bAtlante,
_c1967.
300 _a433 p. ;
_c23 cm.
650 1 4 _aCiencia-
_vObras de divulgación
_910959
700 0 _aFierro Bardaji, Alfredo
_950713
700 1 _aGouschev, S. Z.
_959368
852 _aES-MaACL
_jC-32032
_bR.62259
999 _c149640
_d149640